World environment center. Status Report - 1996. Waste Minimization Program. Monetary and Environmental Benefits. Bulgaria, Czech Republik, Hungary,Romania, Slovakia, Ukraine

Saved in:
Bibliographic Details
Format: Book
Language:English
Published: New York : WEC, 1996
Edition:1. Edition
Subjects:
Tags: Add Tag
No Tags, Be the first to tag this record!

MARC

LEADER 00000nam a22000003a 4500
001 stu32908
005 20141122055859.9
008 970604s1996----xxu-----------------eng-d
040 |a STU  |b slo 
041 0 |a eng 
044 |a xxu 
245 |a World environment center. Status Report - 1996. Waste Minimization Program. Monetary and Environmental Benefits. Bulgaria, Czech Republik, Hungary,Romania, Slovakia, Ukraine 
250 |a 1. Edition 
260 |a New York :  |b WEC,  |c 1996 
300 |a 181 s 
650 7 |a životné prostredie  |2 stusub 
996 |b 284J011091  |c J*93084  |l JJST  |s P  |a 0  |w stu32908_0001